<?xml version="1.0" encoding="UTF-8"?>
<record
    xmlns:xsi="http://www.w3.org/2001/XMLSchema-instance"
    xsi:schemaLocation="http://www.loc.gov/MARC21/slim http://www.loc.gov/standards/marcxml/schema/MARC21slim.xsd"
    xmlns="http://www.loc.gov/MARC21/slim">

  <leader>01012cam a22002411  4500</leader>
  <controlfield tag="001">ne 66000928 </controlfield>
  <controlfield tag="003">DLC</controlfield>
  <controlfield tag="005">20260227111823.0</controlfield>
  <controlfield tag="008">811217s1965    le h     b    000 0 ararc</controlfield>
  <datafield tag="010" ind1=" " ind2=" ">
    <subfield code="a">ne 66000928 </subfield>
  </datafield>
  <datafield tag="035" ind1=" " ind2=" ">
    <subfield code="a">(OCoLC)8004689</subfield>
  </datafield>
  <datafield tag="040" ind1=" " ind2=" ">
    <subfield code="a">Princeton Univ. Libr.</subfield>
    <subfield code="c">TU</subfield>
    <subfield code="d">TU</subfield>
    <subfield code="d">DLC</subfield>
  </datafield>
  <datafield tag="042" ind1=" " ind2=" ">
    <subfield code="a">premarc</subfield>
  </datafield>
  <datafield tag="050" ind1="0" ind2="0">
    <subfield code="a">PJ6101</subfield>
    <subfield code="b">.I26 1965</subfield>
  </datafield>
  <datafield tag="100" ind1="2" ind2=" ">
    <subfield code="a">Ibn al-Sarr&#x101;j, Mu&#x1E25;ammad ibn al-Sar&#x12B;,</subfield>
    <subfield code="d">-929.</subfield>
  </datafield>
  <datafield tag="245" ind1="1" ind2="3">
    <subfield code="a">al-M&#x16B;jaz f&#x12B; al-na&#x1E25;w.</subfield>
    <subfield code="c">[allafahu] Ab&#x16B; Bakr Mu&#x1E25;ammad ibn al-Sarr&#x101;j.  Haqqaqahu wa-qaddama lahu Mu&#x1E63;taf&#x101; al-Shw&#x12B;m&#x12B; [wa] Ibn S&#x101;lim D&#x101;mirj&#x12B;.</subfield>
  </datafield>
  <datafield tag="260" ind1=" " ind2=" ">
    <subfield code="a">Bayr&#x16B;t,</subfield>
    <subfield code="b">Mu&#x2BC;assasat A. Badr&#x101;n lil-&#x1E6D;ib&#x101;&#x2BB;ah wa-al-nashr</subfield>
    <subfield code="c">[1965]</subfield>
  </datafield>
  <datafield tag="300" ind1=" " ind2=" ">
    <subfield code="a">266 p.</subfield>
    <subfield code="b">facsims.</subfield>
    <subfield code="c">25 cm.</subfield>
  </datafield>
  <datafield tag="490" ind1="0" ind2=" ">
    <subfield code="a">al-Maktabah al-lughaw&#x12B;yah al-&#x2BB;Arab&#x12B;yah,</subfield>
    <subfield code="v">2</subfield>
  </datafield>
  <datafield tag="500" ind1=" " ind2=" ">
    <subfield code="a">Added t. p.: al-M&#xFB;&#x1E7;az f&#x12B; n-na&#x1E25;w; trait&#xE9; de grammaire arabe.  [Par] Ion as-Sar&#xE2;&#x1E7;.  &#xC9;dit&#xE9; par Moustafa el-Chou&#xE9;m&#x12B; [et] Bensalem Damerdji.</subfield>
  </datafield>
  <datafield tag="504" ind1=" " ind2=" ">
    <subfield code="a">Bibliography: p. 18-21.</subfield>
  </datafield>
  <datafield tag="650" ind1=" " ind2="0">
    <subfield code="a">Arabic language</subfield>
    <subfield code="x">Grammar.</subfield>
  </datafield>
  <datafield tag="999" ind1=" " ind2=" ">
    <subfield code="c">48896</subfield>
    <subfield code="d">48896</subfield>
  </datafield>
</record>
